000 00754nam a2200253Ia 4500
003 OSt
005 20220918203309.0
006 a|||||r|||| 00| 0
007 ta
008 220917b |||||||| |||| 00| 0 eng d
024 _a107,354
037 _cTextual
040 _aARTS
_cARTS
_beng
041 _2eng
_aeng
082 _aV41,1y7M87, L3
100 _aHu Pu-Yu Comp.
_9107833
245 0 _aMilitary exploits and deeds of President Chiang Kai-Shek tr by Chen Kuei Liang and rev by Hsu long Husen etc
250 _a2nd
260 _aTaipei
_bTaiwan Chungh Wu Publications
_c1973
300 _axvii, 279p. illus
_ccm.
650 _aHISTORY
942 _hV41,1y7M87, L3
_cTEXL
_2CC
999 _c230712
_d230712